Emojis challenge #1 - Statistics

General Stats
  • This quiz has been taken 15 times
  • The average score is 4 of 10
Answer Stats
Hint Answer % Correct
๐Ÿšข๐Ÿ‘ฑ๐Ÿปโ€โ™‚๏ธ๐Ÿ’˜๐ŸŒน Titanic
100%
๐Ÿ”๐Ÿ‘ญ๐Ÿป๐Ÿšช๐Ÿช“๐Ÿฅถ The Shining
64%
๐ŸŒœ๐Ÿ›๐Ÿ–ผ๐Ÿ‘ฎโ€โ™‚๏ธ๐Ÿ”ฆ Night at the Museum
57%
๐Ÿ˜ก๐Ÿ˜ก๐Ÿ˜ก๐Ÿ˜ก๐Ÿ˜ก๐Ÿ˜กโš–๏ธ ๐Ÿ˜ก๐Ÿ˜ก๐Ÿ˜ก๐Ÿ˜ก๐Ÿ˜ก๐Ÿ˜ก๐Ÿ› 12 Angry Men
50%
๐ŸŒง๐Ÿš™๐Ÿšฟ๐Ÿ”ช๐Ÿ‘ต๐Ÿป Psycho
50%
๐Ÿ‘จ๐Ÿผ๐Ÿฆ๐ŸŒฑ๐Ÿ“ผ ๐Ÿ›ธ Guardians of the Galaxy
29%
๐Ÿ‘จ๐Ÿปโ™ฅ๏ธ๐Ÿ–ฅ Her
29%
๐Ÿš๐Ÿš๐Ÿš๐Ÿ’ฅ๐ŸŒด๐Ÿ”ฅ Apocalypse now
21%
๐Ÿง‘โ€๐Ÿš€๐Ÿ’ฃ ๐Ÿ‡บ๐Ÿ‡ธ๐Ÿ’ฅ๐Ÿ‡ฎ๐Ÿ‡ถ The Hurt Locker
7%
๐Ÿ‘จ๐Ÿปโ€๐Ÿ’ป๐Ÿšฃ๐Ÿ’ฒ๐Ÿ‡บ๐Ÿ‡ธ The social network
7%
No matching quizzes found
Score Distribution
Percent of People with Each Score
Percentile by Number Answered
Your Score History
You have not taken this quiz